01503cam a2200337 i 450000100090000000300050000900500170001400800410003101000170007202000180008902000150010704000280012204100130015004200080016305000240017108200120019510000420020724000420024924502470029125000170053830000580055550001670061350000200078065000280080070000430082870000420087177501750091390600450108894200150113399900170114817434383CUTN20150708153712.0120817s2012 njua 001 0 eng  a 2012470044 a9789814374156 a9814374156 aDLCbengcDLCerdadDLC1 aenghrus apcc00aQC24.5b.A8513 201200a5302231 aAslamazov, L. G.q(Lev Grigorʹevich)10aUdivitelʹnai︠a︡ fizika.lEnglish14aThe wonders of physics /cAndrey Varlamov, Italian National Research Council, Italy, Lev Aslamazov, Moscow Technological University, Russia ; scientific editor, A.A. Abrikosov, Jr. ; translators, A.A. Abrikosov, Jr., J. Vydryg & D. Znamenski. a3rd edition. axiv, 312 pages :billustrations (some color) ;c24 cm aRev. ed. of: Wonders of physics / L.G. Aslamazov, A.A. Varlamov ; scientific editor, A.A. Abrikosov, Jr. ; translators, A.A. Abrikosov, Jr. & D. Znamenski. c2004. aIncludes index. 0aPhysicsvPopular works.1 aVarlamov, A. A.q(Andreĭ Andreevich)1 aAslamazov, L. G.q(Lev Grigorʹevich)08iRevision of:aAslamazov, L. G. (Lev Grigorʹevich)tThe wonders of physics / L.G. Aslamazov, A.A. Varlamovd[Hackensack, N.J.] : World Scientific, c2004w(DLC) 2006285587 a7bcbccorigcopd2encipf20gy-gencatlg 2ddccBOOKS c15391d15391